Die Länder mit den meisten Zeitzonen - Statistiken

Allgemein
  • Dieses Quiz wurde 330 mal gespielt
  • Das Durchschnittsergebnis liegt bei 6 aus 9
Antwortstatistiken
Zeitzone Land % Korrekt
11 Russland
99%
6 Kanada
92%
4 Brasilien
87%
8 Australien
86%
12 Frankreich
77%
11 Vereinigte Staaten von Amerika
73%
9 Großbritannien
44%
4 Dänemark
43%
5 Neuseeland
36%
Keine übereinstimmenden Quizze gefunden
Verteilung der Resultate
Anzahl Personen mit jedem Resultat
Perzentil nach korrekt beantworteten Fragen
Ihre Resultats-Entwicklung
Sie haben dieses Quiz noch nicht gespielt